• 首页
  • 本馆介绍
  • 公告通知
  • 最新文献
  • 馆藏检索
  • 电子资源
  • 读者导购
  • 参考咨询
  • 我的图书馆
  • 登录
  • 详细信息显示
  • 放入我的书架
  • 预约/预借图书
  • 作者相关作品
  • 分类相关作品
  • 丛书相关作品
  • 出版社相关作品

书目信息

  • 表格格式
  • 工作单格式
  • 卡片格式
题名:
陈独秀一家人
    
 
作者: 吴晓 著
分册:  
出版信息: 北京   人民日报出版社  2011.08
页数: 395页
开本: 24cm
丛书名: 人民日报家春秋系列
单 册:
中图分类: K820.9
科图分类:
主题词: 家族
电子资源:
ISBN: 978-7-5115-0399-2
000 00833oam2 2200277 450
001 010050015868
005 20120321105129.40
010    @a978-7-5115-0399-2@dCNY48.00
100    @a20110727d2011 em y0chiy50 ea
101 0  @achi
102    @aCN@b110000
105    @aa z 000yy
106    @ar
200 1  @a陈独秀一家人@9chen du xiu yi jia ren@f吴晓著
210    @a北京@c人民日报出版社@d2011.08
215    @a395页@c图,照片@d24cm
225 2  @a人民日报家春秋系列
330    @a本书以陈独秀为中心,描述了从他祖辈到孙辈五代几十个人近百年的奋斗和坎坷遭遇。
461  0 @12001 @a人民日报家春秋系列
600  0 @a陈独秀@f(1880-1942)@x家族@x史料
600  0 @a陈独秀@f(1880-1942)
606 0  @a家族
690    @aK820.9@v4
701  0 @a吴晓@9wu xiao@4著
801  0 @aCN@bRENTIAN@c20110727
905    @b539115-19@dK820.9@e122@f5
    
    陈独秀一家人/吴晓著.-北京:人民日报出版社,2011.08
    395页:图,照片;24cm.-(人民日报家春秋系列)
    
    
    ISBN 978-7-5115-0399-2:CNY48.00
    本书以陈独秀为中心,描述了从他祖辈到孙辈五代几十个人近百年的奋斗和坎坷遭遇。
●
相关链接 在E读中查询图书 在五车中查询图书 在当当中查询图书 在豆瓣中查询图书


正题名:陈独秀一家人     索取号:K820.9/122         预约/预借

序号 登录号 条形码 馆藏地/架位号 状态 备注
1 539115   205391155   第二样本阅览室/ [索取号:K820.9/122] 在馆    
2 539116   205391164   第二借阅区/ [索取号:K820.9/122] 在馆    
3 539117   205391173   第二借阅区/ [索取号:K820.9/122] 在馆    
4 539118   205391182   第二借阅区/ [索取号:K820.9/122] 在馆    
5 539119   205391191   第二借阅区/ [索取号:K820.9/122] 在馆    
唐山师范学院图书馆 欢迎您!
大连网信软件有限公司© 版权所有